University Home | Library Home | Institutional Repository

The U.N. Convention on the Elimination of All Forms of Racial Discrimination / (Record no. 185472)

MARC details
000 -LEADER
fixed length control field 00859cam2a220025300 4500
001 - CONTROL NUMBER
control field qce01903765
005 - DATE AND TIME OF LATEST TRANSACTION
control field 20190830104147.0
008 - FIXED-LENGTH DATA ELEMENTS--GENERAL INFORMATION
fixed length control field 810123s1980 ne b 001 0 eng d
010 ## - LIBRARY OF CONGRESS CONTROL NUMBER
LC control number 80051738
020 ## - INTERNATIONAL STANDARD BOOK NUMBER
International Standard Book Number 9028601600
035 ## - SYSTEM CONTROL NUMBER
System control number (Sirsi) r25847
035 ## - SYSTEM CONTROL NUMBER
System control number (QCAT)lss02968348
035 ## - SYSTEM CONTROL NUMBER
System control number (UPRA)qce01903765
040 ## - CATALOGING SOURCE
Modifying agency UPRA
100 1# - MAIN ENTRY--PERSONAL NAME
Personal name Lerner, Natan.
Linkage A76649.1
245 14 - TITLE STATEMENT
Title The U.N. Convention on the Elimination of All Forms of Racial Discrimination /
Statement of responsibility, etc. by Natan Lerner.
250 ## - EDITION STATEMENT
Edition statement [2nd ed.].
260 ## - PUBLICATION, DISTRIBUTION, ETC.
Place of publication, distribution, etc. Alphen aan den Rijn, The Netherlands ; Rockville, MD :
-- Alphen aan den Rijn, The Netherlands ; Rockville, MD :
Name of publisher, distributor, etc. Sijthoff & Noordhoff,
Date of publication, distribution, etc. 1980.
500 ## - GENERAL NOTE
General note Includes index.
504 ## - BIBLIOGRAPHY, ETC. NOTE
Bibliography, etc. note Bibliography: p. 249-251.
630 00 - SUBJECT ADDED ENTRY--UNIFORM TITLE
Date of treaty signing (1966)
Linkage S64114.1
949 ## - LOCAL PROCESSING INFORMATION (OCLC)
a HT1521
w lcc
i -26297
m MAIN
t BOOK
l ON-SHELF

No items available.

© 2026 - The University of Zambia Library - Koha v25.11